000 00839nam a22002537a 4500
003 DO-SdBNP
005 20211011095735.0
007 ta
008 210702b 2018 dr 00| 0 eng d
020 _a9789945091854
040 _aDO-SdBNP
_bspa
_cBNPHU
082 4 _aBNPHU
100 1 _aSiprian, Julio,
_d1980-
_979083
245 1 0 _aRecoquinstando sueños /
_cJulio Siprian ; prólogo Sheidis González.
246 1 0 _aRecoquinstando sueños :
_bnunca desistas hasta convertirlo en realidad.
260 _aSanto Domingo :
_bPublicaciones Libertad,
_c2018.
300 _a117 p. ;
_c21 cm.
500 _aIncluye datos biográficos del autor en la solapa de la cubierta
504 _aBibliografía : p. 116
590 _aInventariado, 2021 /LP
700 1 _aGonzález, Sheidis,
_epról.
_979084
910 _aLPérez
942 _2ddc
_cLBS1
999 _c50040
_d50040